000
00298nam a22001337a 4500
008
181009b xxu||||| |||| 00| 0 eng d
020
_a
9781133271192
041
_a
eng
080
_a
573
100
_a
11
101
_a
BIO
245
_a
Math for the Biological Sciences
_c
Faires
942
_2
udc
_c
BK
999
_c
49119
_d
49119